عرض عادي
عرض مارك
- Gruber, David F
مدخل إسم شخص
001 - رقم الضبط
- حقل الضبط: 75142
003 - معرف رقم الضبط
- حقل الضبط: OSt
005 - تاريخ ووقت أخر عملية
- حقل الضبط: 20191001125712.0
008 - عناصر بيانات ثابتة الطول
- حقل تحكم ثابت الطول: 191001|| aca||aabn | a|a d
040 ## - مصدر الفهرسة
- هيئة الفهرسة الأصلية: OSt
- وكالة الكتابة: OSt
100 ## - مدخل -- أسم شخص
- إسم شخص: Gruber, David F
670 ## - بيانات المصدر موجوده
- الاستشهاد بالمصدر: Work cat.: (OSt)0: Pieribone, Vincent 75135, Aglow in the dark :
